[Event "Najdorf Memorial"]
[Site "Warsaw POL"]
[Date "2015.07.17"]
[Round "8.23"]
[White "Polok, Kacper"]
[Black "Lewtak, Damian"]
[Result "0-1"]
[WhiteElo "2213"]
[BlackElo "2341"]
[Annotator ""]
[Source ""]
[Remark ""]

1.e4 c5 2.Nc3 Nc6 3.Nf3 Nf6 4.d4 cxd4 5.Nxd4 d6 6.Bg5 e6 7.Qd2
a6 8.O-O-O Bd7 9.f3 Be7 10.Be3 h5 11.Kb1 Qc7 12.Nxc6 Bxc6 13.Ne2
b5 14.Nd4 Bd7 15.Rc1 e5 16.Nf5 Bxf5 17.exf5 d5 18.Bg5 Rd8 19.Re1
Qd6 20.Qe3 Nd7 21.Bxe7 Kxe7 22.g4 hxg4 23.fxg4 f6 24.h4 Qb4 25.h5
Rc8 26.g5 d4 27.Qg3 Qd2 28.gxf6+ gxf6 29.Qg7+ Kd6 30.Bd3 Rxh5
31.Qf7 Rxh1 32.Rxh1 Qg2 33.Rd1 Qd5 34.Qh7 e4 35.Be2 Rg8 36.Qh2+
Qe5 37.Qf2 e3 38.Qh4 Rg2 39.Bf3 Rd2 40.Re1 Qxf5 0-1

[Event "Najdorf Memorial"]
[Site "Warsaw POL"]
[Date "2015.07.17"]
[Round "8.24"]
[White "Reza, Wojciech"]
[Black "Bartel, Michal"]
[Result "1-0"]
[WhiteElo "2212"]
[BlackElo "2331"]
[Annotator ""]
[Source ""]
[Remark ""]

1.d4 c5 2.d5 d6 3.e4 g6 4.Nc3 Bg7 5.Nf3 Nf6 6.h3 O-O 7.Bd3 Na6
8.O-O Nc7 9.Re1 Bd7 10.a4 Re8 11.Bf4 a6 12.a5 Bb5 13.Na4 e5 14.Bg5
Bxa4 15.Rxa4 Nb5 16.Nd2 h6 17.Be3 Nd7 18.c3 Rf8 19.Qb3 Nd4 20.Qd1
Nb5 21.f3 Rb8 22.Ra1 Nc7 23.b4 cxb4 24.cxb4 f5 25.Rc1 Rc8 26.Qb3
Qh4 27.Qb1 Nf6 28.Bf2 Qg5 29.h4 Qh5 30.exf5 Ncxd5 31.Rxc8 Rxc8
32.Ne4 gxf5 33.Nxd6 Rc6 34.Nxf5 Qe8 35.b5 Re6 36.Bc4 axb5 37.Qxb5
Qxb5 38.Bxb5 Kh8 39.Bc4 Re8 40.Nd6 Re7 41.Rxe5 Rxe5 42.Nf7+ Kh7
43.Nxe5 Ne7 44.Bc5 Nfd5 45.Nd7 Bc3 46.Nb6 Nxb6 47.axb6 Nc6 48.Bd5
Na5 49.Kf2 Kg6 50.g4 1-0

[Event "Najdorf Memorial"]
[Site "Warsaw POL"]
[Date "2015.07.17"]
[Round "8.25"]
[White "Bromberger, Stefan"]
[Black "Paszewski, Mateusz"]
[Result "1/2-1/2"]
[WhiteElo "2556"]
[BlackElo "2252"]
[Annotator ""]
[Source ""]
[Remark ""]

1.e4 c5 2.Nf3 Nc6 3.Bb5 g6 4.Bxc6 dxc6 5.d3 Bg7 6.h3 Nf6 7.Nc3
O-O 8.Be3 b6 9.Qd2 e5 10.Bh6 Qd6 11.Bxg7 Kxg7 12.O-O Nh5 13.Ne2
Kg8 14.Qc3 f6 15.a3 a5 16.Nd2 Be6 17.Kh2 Ra7 18.g3 g5 19.Nc4
Bxc4 20.dxc4 Rd7 21.Qf3 Ng7 22.Rfd1 Qc7 23.Rxd7 Qxd7 24.Nc3 Ne6
25.Ne2 Kg7 26.c3 Rd8 27.b4 cxb4 28.axb4 axb4 29.cxb4 Nd4 30.Qd3
Qe7 31.Ra6 Qb7 32.b5 cxb5 33.cxb5 Ne6 34.Qa3 Rd7 35.Qa2 Nc5 36.Ra8
Qxe4 37.Qg8+ Kh6 38.Qf8+ Kg6 39.Qe8+ Kh6 40.Qf8+ Kg6 41.Qe8+
Kh6 1/2-1/2

[Event "Najdorf Memorial"]
[Site "Warsaw POL"]
[Date "2015.07.17"]
[Round "8.26"]
[White "Masse, Hugues"]
[Black "Deszczynski, Adam"]
[Result "1/2-1/2"]
[WhiteElo "2222"]
[BlackElo "2356"]
[Annotator ""]
[Source ""]
[Remark ""]

1.d4 Nf6 2.c4 g6 3.g3 Bg7 4.Bg2 O-O 5.Nc3 d6 6.Nf3 Nbd7 7.O-O
e5 8.e4 c6 9.h3 exd4 10.Nxd4 Re8 11.Be3 Nc5 12.Qc2 Qe7 13.Rfe1
Bd7 14.f3 a6 15.b4 Ne6 16.Nb3 Nh5 17.Kh2 g5 18.Rad1 Be5 19.Bf2
Qf6 20.Ne2 g4 21.hxg4 Qh4+ 22.Kg1 Nxg3 23.Nxg3 Bxg3 24.Bxg3 Qxg3
25.Qf2 Qf4 26.Qd2 Qg3 27.Qf2 Qf4 28.Nd4 Nf8 29.Ne2 Qe5 30.Ng3
Ng6 31.Nh5 Nf4 32.Nxf4 Qxf4 33.Qd2 Qxd2 34.Rxd2 Be6 35.Bf1 a5
36.b5 cxb5 37.cxb5 Rec8 38.Re3 Rc1 39.Kf2 Rac8 40.Be2 R8c2 41.Rxc2
Rxc2 42.a3 Bc4 43.Ke1 Bxe2 44.Rxe2 Rc3 45.Rd2 Rxf3 46.Rxd6 Rf4
47.Rb6 Rxe4+ 48.Kf2 Rxg4 49.Rxb7 Ra4 50.b6 Rxa3 51.Ra7 Rb3 52.Rxa5
Rxb6 53.Kg3 Rb4 54.Ra8+ Kg7 55.Ra5 Kg6 56.Rc5 h5 57.Ra5 Rg4+
58.Kh3 f5 59.Ra8 Kg5 60.Rg8+ Kf4 61.Rh8 Rg1 62.Kh2 Rg5 63.Kh3
Kf3 64.Ra8 Rg4 65.Ra3+ Kf4 66.Ra4+ Kg5 67.Ra8 Rb4 68.Kg3 Rb3+
69.Kg2 Kg4 70.Rg8+ Kf4 71.Ra8 Re3 72.Ra4+ Re4 73.Ra8 Rd4 74.Kh3
Ke3 75.Rh8 Rd1 76.Kh2 Rd2+ 77.Kh3 f4 78.Rxh5 f3 79.Kg3 Rg2+ 80.Kh3
Rg8 81.Ra5 f2 82.Ra3+ Ke4 83.Ra4+ Kd3 84.Ra3+ Ke2 85.Ra2+ Kf3
86.Ra3+ 1/2-1/2

[Event "Najdorf Memorial"]
[Site "Warsaw POL"]
[Date "2015.07.17"]
[Round "8.27"]
[White "Saatdjian, Thomas"]
[Black "Dabrowska, Krystyna"]
[Result "1/2-1/2"]
[WhiteElo "2353"]
[BlackElo "2208"]
[Annotator ""]
[Source ""]
[Remark ""]

1.d4 Nf6 2.c4 e6 3.Nf3 b6 4.g3 Bb7 5.Bg2 Be7 6.O-O O-O 7.Re1
d5 8.cxd5 exd5 9.Nc3 Nbd7 10.Bf4 a6 11.Rc1 c5 12.Ne5 cxd4 13.Qxd4
Bc5 14.Qd3 Nxe5 15.Bxe5 Bxf2+ 16.Kxf2 Ng4+ 17.Kg1 Nxe5 18.Qf5
Re8 19.Nxd5 Bxd5 20.Red1 g6 21.Qf4 Rc8 22.Rxc8 Qxc8 23.Bxd5 h5
24.Bb3 b5 25.Rd5 Nc4 26.Bxc4 bxc4 27.Qd4 1/2-1/2

[Event "Najdorf Memorial"]
[Site "Warsaw POL"]
[Date "2015.07.17"]
[Round "8.28"]
[White "Cukrowski, Filip"]
[Black "Kowalski, Igor"]
[Result "1-0"]
[WhiteElo "2330"]
[BlackElo "2146"]
[Annotator ""]
[Source ""]
[Remark ""]

1.e4 e6 2.d4 d5 3.Nd2 c5 4.dxc5 Bxc5 5.Nb3 Bb6 6.exd5 exd5 7.Nf3
Bg4 8.Be2 Ne7 9.O-O Nbc6 10.c3 Rc8 11.Bg5 O-O 12.h3 Bh5 13.Nfd4
Bxe2 14.Qxe2 Bxd4 15.Nxd4 Nxd4 16.Qxe7 Qxe7 17.Bxe7 Rfe8 18.Bg5
Nc6 19.Be3 Rcd8 20.Rad1 Rd7 21.Rd2 Red8 22.Rfd1 b6 23.Kf1 f6
24.b3 Kf7 25.g4 h6 26.Kg2 Ke6 27.f4 Kf7 28.Kf3 g6 29.h4 f5 30.gxf5
gxf5 31.b4 Ne7 32.b5 Rc7 33.Bd4 Rg8 34.h5 Rg4 35.Re1 Rd7 36.Rde2
Rh4 37.Rg2 Rg4 38.Rxg4 fxg4+ 39.Kxg4 Rd8 40.Re5 Rg8+ 41.Kf3 Rc8
42.f5 Rg8 43.Kf4 Rg2 44.f6 1-0

[Event "Najdorf Memorial"]
[Site "Warsaw POL"]
[Date "2015.07.17"]
[Round "8.29"]
[White "Zujev, Oleg"]
[Black "Snihur, Piotr"]
[Result "0-1"]
[WhiteElo "2296"]
[BlackElo "2124"]
[Annotator ""]
[Source ""]
[Remark ""]

1.d4 Nf6 2.c4 e6 3.Nc3 Bb4 4.e3 d5 5.a3 Bxc3+ 6.bxc3 O-O 7.Bd3
dxc4 8.Bxc4 c5 9.Ne2 Nbd7 10.O-O b6 11.f3 e5 12.e4 Qc7 13.Qb3
Bb7 14.Be3 Rac8 15.Rac1 Ne8 16.Ng3 Nd6 17.Be2 Rfe8 18.Qd1 Rcd8
19.Qd2 f6 20.Bd3 Kh8 21.Qf2 Rc8 22.Bd2 Qd8 23.Rfd1 Nf8 24.dxe5
fxe5 25.f4 Nd7 26.f5 Qe7 27.Re1 c4 28.Bc2 Nc5 29.Qf3 Red8 30.Qg4
Qf7 31.Bg5 Rd7 32.Nh5 Nb5 33.f6 g6 34.Ng7 Nxc3 35.Re3 Nb5 36.Rh3
Nd4 37.Qh4 Qg8 38.f7 Rxf7 39.Bf6 Rxf6 40.Qxf6 Qxg7 41.Qf2 Nxc2
42.Qxc2 Nxe4 43.Re1 Nd6 44.Qd2 Nf5 45.Rc3 e4 46.Rd1 e3 0-1

[Event "Najdorf Memorial"]
[Site "Warsaw POL"]
[Date "2015.07.17"]
[Round "8.30"]
[White "Hrabinska, Myroslava"]
[Black "Karpus, Michal"]
[Result "1/2-1/2"]
[WhiteElo "2270"]
[BlackElo "2114"]
[Annotator ""]
[Source ""]
[Remark ""]

1.e4 e5 2.Nf3 Nc6 3.d4 exd4 4.Nxd4 Qf6 5.Nb5 Bc5 6.Qe2 Bb6 7.N1c3
Nge7 8.Be3 Ba5 9.O-O-O O-O 10.Nd5 Nxd5 11.exd5 Ne5 12.d6 Qe6
13.Kb1 c6 14.Bd4 Re8 15.Nc3 b5 16.f4 Ng6 17.Qf3 Nh4 18.Qf2 Nf5
19.Bd3 Nxd6 20.Qg3 Qh6 21.Rhe1 Bb7 22.Be5 Bb4 23.a3 Bxc3 24.bxc3
Nc4 25.Bxc4 bxc4 26.Rd6 Re6 27.Rxd7 Ba6 28.f5 Ree8 29.Red1 Bc8
30.R7d6 g6 31.Rf1 Bxf5 32.Rf6 Be6 33.Qf2 Qf8 34.Ka2 Rad8 35.Qh4
Rd5 36.Rxg6+ fxg6 37.Rxf8+ Rxf8 38.Bd4 Rf7 39.Qe4 Bd7 40.g4 a5
41.a4 g5 42.h3 Rf4 43.Qe7 Rf7 44.Qe3 Rf1 45.Qe2 Rf8 46.Ka3 Rf7
47.Qxc4 Rf3 48.Kb2 h5 49.Qe2 hxg4 50.hxg4 Rf4 51.Qe7 Rf7 52.Qe4
Kf8 53.Qh1 Bxg4 54.c4 Rdd7 55.Qh6+ Ke8 56.Qxg5 Rb7+ 57.Kc3 Be6
58.Qxa5 Rf3+ 59.Kd2 Kd7 60.Qg5 Rf7 61.Kc3 Rb1 62.Kd2 Bxc4 63.a5
Rb5 64.Bc5 Rxa5 65.Qg4+ Be6 66.Qd4+ Kc8 67.Qh8+ Kb7 68.Qb2+ Rb5
69.Qa3 Rd7+ 70.Ke3 Bd5 71.Qa7+ Kc8 72.Qa6+ Kc7 73.Qa7+ Kc8 74.Qa3
Kb7 75.Bd4 Kb8 76.Kd3 Rb1 77.Qf8+ Kb7 78.Qc5 Rc7 79.c4 Bf7 80.Kc2
Bg6+ 81.Kc3 Bf7 82.Kd2 Kc8 83.Be5 Rd7+ 84.Ke3 Kb7 85.Kf4 Rf1+
86.Kg5 Rb1 87.Bf4 Rb5 88.cxb5 Rd5+ 89.Qxd5 Bxd5 1/2-1/2

[Event "Najdorf Memorial"]
[Site "Warsaw POL"]
[Date "2015.07.17"]
[Round "8.31"]
[White "Woloch, Oskar"]
[Black "Skawinski, Arkadiusz"]
[Result "0-1"]
[WhiteElo "2108"]
[BlackElo "2358"]
[Annotator ""]
[Source ""]
[Remark ""]

1.e4 c6 2.Nc3 g6 3.d4 Bg7 4.Be3 d5 5.Qd2 h5 6.f3 Na6 7.Bxa6 bxa6
8.Nge2 Nf6 9.h3 a5 10.Nc1 O-O 11.Nb3 a4 12.Nc5 a3 13.b3 Nd7 14.Nxd7
Qxd7 15.O-O-O Rd8 16.e5 Qc7 17.Na4 h4 18.Nc5 Rb8 19.Bf4 Rb5 20.e6
Qb6 21.exf7+ Kxf7 22.Na4 Qa5 23.Qxa5 Rxa5 24.Bc7 Rxa4 25.bxa4
Rd7 26.Bf4 Rb7 27.Rd3 Rb4 28.Rxa3 Bxd4 29.c3 Rc4 30.Bd2 Bc5 31.Rb3
Rxa4 32.Kb2 Bd6 33.a3 Ba6 34.Ra1 c5 35.Kc2 Be5 36.Re1 Bd6 37.Bc1
e5 38.Rb1 Kf6 39.Bb2 Kf7 40.Rbd1 Bc4 41.Rb1 a6 42.Bc1 Bb5 43.Kd2
Kf6 44.Ke3 Rc4 45.Kd2 Bc7 46.Bb2 Ba5 47.Rbc1 Kf5 48.Re3 Bd8 49.f4
e4 50.g3 d4 51.cxd4 cxd4 52.Rxc4 dxe3+ 53.Kxe3 Bxc4 54.g4+ Ke6
55.Kxe4 Bd5+ 56.Ke3 Bg2 57.Be5 Bb6+ 0-1

[Event "Najdorf Memorial"]
[Site "Warsaw POL"]
[Date "2015.07.17"]
[Round "8.32"]
[White "Kukula, Pawel"]
[Black "Stoma, Pawel"]
[Result "1/2-1/2"]
[WhiteElo "2211"]
[BlackElo "2353"]
[Annotator ""]
[Source ""]
[Remark ""]

1.d4 d5 2.c4 c6 3.cxd5 cxd5 4.Nc3 Nc6 5.Nf3 Nf6 6.Bf4 a6 7.e3
Bf5 8.Bd3 Bxd3 9.Qxd3 e6 10.O-O Bd6 11.Bxd6 Qxd6 12.Rfc1 O-O
13.a3 b5 14.b4 h6 15.h3 Rac8 16.Rc2 Rc7 17.Rac1 Rfc8 18.Nb1 Ne4
19.Nbd2 Nxd2 1/2-1/2

[Event "Najdorf Memorial"]
[Site "Warsaw POL"]
[Date "2015.07.17"]
[Round "8.33"]
[White "Wisniowska, Klaudia"]
[Black "Adamski, Jan"]
[Result "1/2-1/2"]
[WhiteElo "2186"]
[BlackElo "2293"]
[Annotator ""]
[Source ""]
[Remark ""]

1.e4 c5 2.Nf3 e6 3.d4 cxd4 4.Nxd4 a6 5.Nc3 b5 6.Be2 Bb7 7.Bf3
Qc7 8.O-O d6 9.Re1 Nd7 10.a4 bxa4 11.Rxa4 Ngf6 12.g3 Be7 13.Bg2
O-O 14.Qe2 Rfc8 15.h4 Nb6 16.Ra1 Nfd7 17.h5 Bf6 18.Rd1 h6 19.f4
Nc4 20.b3 Na5 21.Bb2 Nc6 22.Nxc6 Bxc6 23.Na4 Bxa4 24.Bxf6 Bb5
25.c4 Nxf6 26.cxb5 Qc5+ 27.Kh2 Qxb5 28.Qxb5 axb5 29.Rxa8 Rxa8
30.Rxd6 Ra2 31.Rb6 Ng4+ 1/2-1/2

[Event "Najdorf Memorial"]
[Site "Warsaw POL"]
[Date "2015.07.17"]
[Round "8.34"]
[White "Warakomska, Anna"]
[Black "Bus, Konrad"]
[Result "1-0"]
[WhiteElo "2274"]
[BlackElo "2108"]
[Annotator ""]
[Source ""]
[Remark ""]

1.e4 c6 2.d4 d5 3.e5 Bf5 4.Nf3 e6 5.Be2 Nd7 6.O-O Ne7 7.Nbd2
Nc8 8.Nb3 Be7 9.a4 O-O 10.a5 a6 11.Be3 Na7 12.Qd2 Qc7 13.c4 dxc4
14.Bxc4 Nb5 15.Rfc1 Rfd8 16.Qe2 Nf8 17.d5 exd5 18.Bxb5 axb5 19.Bb6
Qd7 20.Bxd8 Bxd8 21.Nfd4 Bg6 22.a6 bxa6 23.Rxc6 Ne6 24.Rcxa6
Rxa6 25.Rxa6 h6 26.Nxe6 fxe6 27.Nc5 Qc8 28.Qxb5 Kh7 29.Qc6 1-0

[Event "Najdorf Memorial"]
[Site "Warsaw POL"]
[Date "2015.07.17"]
[Round "8.35"]
[White "Warszawski, Bartosz"]
[Black "Chomczyk, Marek"]
[Result "1-0"]
[WhiteElo "2233"]
[BlackElo "2165"]
[Annotator ""]
[Source ""]
[Remark ""]

1.e4 e5 2.Nf3 Nc6 3.Bb5 a6 4.Ba4 Nf6 5.O-O Be7 6.Re1 b5 7.Bb3
d6 8.c3 O-O 9.h3 Nb8 10.d4 Nbd7 11.Nbd2 c5 12.Nf1 Re8 13.Ng3
g6 14.Bg5 Bf8 15.Qd2 Bg7 16.a4 Bb7 17.d5 c4 18.Bc2 Nc5 19.Nh4
Qe7 20.Re3 h6 21.Nhf5 gxf5 22.Nxf5 Qf8 23.Bxf6 Bxf6 24.Rg3+ Kh7
25.Qe2 bxa4 26.Qh5 Reb8 27.Re1 Nd3 28.Bxd3 cxd3 29.Rd1 Bc8 30.Nxd6
Ra7 31.Nc4 Qc5 32.Nxe5 Be6 33.Nxd3 Qb5 34.c4 Qa5 35.e5 Bh4 36.Qxh4
Bf5 37.Qf6 Bg6 38.e6 Rg8 39.Ne5 1-0

[Event "MetLife Warsaw Najdorf Chess Festival  gr. A"]
[Site "Warszawa"]
[Date "2015.07.17"]
[Round "8.36"]
[White "Nowak, Lukasz"]
[Black "Bjornsson, Sigurbjorn"]
[Result "0-1"]
[WhiteElo "2116"]
[BlackElo "2327"]
[Annotator ""]
[Source ""]
[Remark ""]

1.e4 e5 2.Nf3 Nc6 3.Bb5 a6 4.Ba4 Nf6 5.O-O Be7 6.Re1 b5 7.Bb3
d6 8.c3 O-O 9.h3 Na5 10.Bc2 c5 11.d4 Qc7 12.Nbd2 Nc6 13.d5 Nd8
14.a4 Rb8 15.b3 Ne8 16.Nf1 f6 17.N3h2 g6 18.f4 exf4 19.Bxf4 Nf7
20.Ne3 Ng7 21.Nhg4 Nh5 22.Bh2 Ne5 23.axb5 axb5 24.Rf1 Bd7 25.Nf5
Be8 26.Nxe7+ Qxe7 27.Ra6 b4 28.c4 Bd7 29.Nh6+ Kh8 30.Nf5 Bxf5
31.exf5 Ng7 32.fxg6 hxg6 33.Bxe5 fxe5 34.Bxg6 e4 35.Ra2 e3 36.Re2
Rxf1+ 37.Qxf1 Rf8 38.Qe1 Qg5 39.Be4 Re8 40.Rxe3 Nf5 41.Qa1+ Nd4
42.Re1 Qh4 43.Qb1 Qg3 44.Kh1 Nxb3 45.Rd1 Nd4 46.Qd3 Qf4 47.Bh7
Ne2 48.Qg6 Rf8 49.Qd3 Ng3+ 50.Kg1 Qf2+ 51.Kh2 Nf1+ 52.Kh1 Qf4 0-1

[Event "MetLife Warsaw Najdorf Chess Festival  gr. A"]
[Site "Warszawa"]
[Date "2015.07.17"]
[Round "8.37"]
[White "Grabinsky, Vladimir"]
[Black "Percivaldi, Martin"]
[Result "1/2-1/2"]
[WhiteElo "2265"]
[BlackElo "2310"]
[Annotator ""]
[Source ""]
[Remark ""]

1.d4 d5 2.c4 c6 3.Nf3 Nf6 4.Nbd2 a6 5.g3 Bf5 6.Bg2 e6 7.O-O Nbd7
8.b3 h6 9.Bb2 Be7 10.Ne5 O-O 11.Re1 Nxe5 12.dxe5 Nd7 13.cxd5
exd5 14.e4 dxe4 15.Bxe4 Be6 16.Rc1 Nc5 17.Bb1 Nd3 18.Qc2 Bf5
19.Re3 Bg6 20.e6 fxe6 21.Rd1 Nf4 22.Ne4 Nd5 23.Qe2 Qe8 24.Rf3
Rxf3 25.Qxf3 Qf7 26.Qxf7+ Bxf7 27.Be5 Rd8 28.Bc2 a5 29.h4 b6
30.Kh2 Be8 31.Kh3 Rd7 32.g4 Bf6 33.Nxf6+ gxf6 34.Bb2 Nb4 35.Rxd7
Bxd7 36.Bb1 e5 37.Kg3 Nd5 38.g5 hxg5 39.hxg5 Kf7 40.Be4 Nf4 41.Kf3
c5 42.Bc3 Be6 43.gxf6 Kxf6 44.Bd2 Nd5 45.Bxd5 Bxd5+ 46.Ke3 Kf5
47.Kd3 Kg4 48.Be3 Kf3 49.Kc3 Ke2 50.a3 Kd1 51.b4 cxb4+ 52.axb4
a4 53.Kb2 b5 54.Ka3 e4 1/2-1/2

[Event "MetLife Warsaw Najdorf Chess Festival  gr. A"]
[Site "Warszawa"]
[Date "2015.07.17"]
[Round "8.38"]
[White "Winiarski, Mikolaj"]
[Black "Derakhshani, Dorsa"]
[Result "1/2-1/2"]
[WhiteElo "2160"]
[BlackElo "2280"]
[Annotator ""]
[Source ""]
[Remark ""]

1.e4 e5 2.Nf3 Nc6 3.Bc4 Bc5 4.c3 Nf6 5.d3 a6 6.Bb3 Ba7 7.Bg5
h6 8.Bh4 d6 9.h3 g5 10.Bg3 Qe7 11.Nbd2 Bd7 12.Qe2 O-O-O 13.O-O-O
Nh5 14.Nc4 Nxg3 15.fxg3 f5 16.Ne3 fxe4 17.dxe4 Na5 18.Bc2 Be6
19.b3 c6 20.g4 d5 21.exd5 cxd5 22.Nf5 Qa3+ 23.Kb1 e4 24.N3d4
Bd7 25.Ne3 Bc6 26.Nxc6 bxc6 27.Qxa6+ Kb8 28.Nf5 Rd7 29.Bxe4 Rb7
30.Bxd5 cxd5 31.Qd6+ Qxd6 32.Nxd6 Rd7 33.Nf5 Nc6 34.Rhe1 Kc7
35.Re6 h5 36.gxh5 Rxh5 37.Ne3 Bxe3 38.Rxe3 Rh6 39.Red3 Rhd6 40.Rg3
Rg6 41.Kb2 Ne7 42.a4 Kc6 43.Rf1 Rdd6 44.Rg4 Rde6 45.c4 Re2+ 46.Ka3
dxc4 47.Rxc4+ Kb6 48.Rg4 Nc6 49.Rc1 Rd6 50.Rxg5 Rdd2 51.a5+ Nxa5
52.Rg6+ Kb5 53.Rg5+ Ka6 54.Rg6+ Kb5 1/2-1/2

[Event "MetLife Warsaw Najdorf Chess Festival  gr. A"]
[Site "Warszawa"]
[Date "2015.07.17"]
[Round "8.39"]
[White "Lach, Aleksandra"]
[Black "Teclaf, Pawel"]
[Result "0-1"]
[WhiteElo "2227"]
[BlackElo "2235"]
[Annotator ""]
[Source ""]
[Remark ""]

1.e4 c5 2.Nf3 d6 3.d4 cxd4 4.Nxd4 Nf6 5.Nc3 a6 6.Be3 e6 7.Be2
Be7 8.O-O O-O 9.f4 Nc6 10.Kh1 Qc7 11.Qe1 Nxd4 12.Bxd4 b5 13.a3
Bb7 14.Qg3 Bc6 15.Rfe1 Qb7 16.Bf3 a5 17.a4 b4 18.Nd1 Rad8 19.Ne3
Rfe8 20.Nc4 Qa6 21.b3 d5 22.e5 Ne4 23.Bxe4 dxc4 24.Bxc6 Qxc6
25.Qe3 Rd5 26.Qe4 Qd7 27.Be3 cxb3 28.cxb3 Rc8 29.g4 Rd3 30.f5
Rxb3 31.Bb6 Rb2 32.Rac1 b3 33.fxe6 fxe6 34.Rxc8+ Qxc8 35.Bxa5
Rc2 36.g5 b2 37.g6 h6 38.Qf3 Qc6 39.Qxc6 Rxc6 40.Bd2 Bg5 41.Rb1
Rc2 42.Be1 Bd2 43.Rd1 Rc1 44.Rxd2 Rxe1+ 45.Kg2 Re2+ 46.Rxe2 b1Q
47.a5 Qxg6+ 48.Kf2 Qf5+ 49.Kg2 Qg4+ 50.Kf2 Qa4 0-1

[Event "Najdorf Memorial"]
[Site "Warsaw POL"]
[Date "2015.07.18"]
[Round "9.2"]
[White "Cheparinov, Ivan"]
[Black "Tomczak, Jacek"]
[Result "1/2-1/2"]
[WhiteElo "2683"]
[BlackElo "2579"]
[Annotator ""]
[Source ""]
[Remark ""]

1.d4 Nf6 2.c4 e6 3.Nf3 Bb4+ 4.Nbd2 O-O 5.a3 Be7 6.e4 d6 7.Be2
Nbd7 8.Qc2 e5 9.Nb1 exd4 10.Nxd4 Nc5 11.Nc3 Re8 12.f3 Nh5 13.O-O
Bf6 14.Be3 Nf4 15.Bxf4 Bxd4+ 16.Kh1 Be5 17.Bxe5 dxe5 18.Rfd1
Qg5 19.Bf1 Ne6 20.Qf2 1/2-1/2

[Event "Najdorf Memorial"]
[Site "Warsaw POL"]
[Date "2015.07.18"]
[Round "9.3"]
[White "Bajarani, Ulvi"]
[Black "Safarli, Eltaj"]
[Result "1/2-1/2"]
[WhiteElo "2515"]
[BlackElo "2649"]
[Annotator ""]
[Source ""]
[Remark ""]

1.b3 Nf6 2.Bb2 g6 3.e4 d6 4.f4 Bg7 5.Qe2 O-O 6.Nf3 c5 7.g3 Nc6
8.Bg2 e5 9.fxe5 dxe5 10.c3 a5 11.Na3 b6 12.Nc4 a4 13.O-O Re8
14.d3 b5 15.Ne3 a3 16.Bc1 b4 17.cxb4 Nd4 18.Qf2 Ba6 19.Ne1 cxb4
20.h3 Qe7 21.Nc4 Nd7 22.Be3 Rad8 23.Rd1 Nc5 24.Nb6 Bb7 25.Nc2
Rd6 26.Nd5 Bxd5 27.exd5 Rf6 28.Qd2 Rxf1+ 29.Rxf1 Na6 30.Nxd4
exd4 31.Bf4 Be5 1/2-1/2

[Event "Najdorf Memorial"]
[Site "Warsaw POL"]
[Date "2015.07.18"]
[Round "9.4"]
[White "Kanarek, Marcel"]
[Black "Mista, Aleksander"]
[Result "1-0"]
[WhiteElo "2508"]
[BlackElo "2585"]
[Annotator ""]
[Source ""]
[Remark ""]

1.e4 c5 2.Nf3 e6 3.d4 cxd4 4.Nxd4 Nf6 5.Nc3 d6 6.f4 a6 7.Be2
Qc7 8.O-O Be7 9.Qe1 O-O 10.Qg3 Re8 11.e5 dxe5 12.fxe5 Nfd7 13.Nd5
Qc5 14.Nxe7+ Rxe7 15.c3 Nxe5 16.b4 Qd5 17.Rd1 Ng6 18.Nb5 Qc6
19.Rd8+ Nf8 20.Nd4 Qc7 21.Qxc7 Rxc7 22.Bf4 Rxc3 23.Be5 Bd7 24.Nf5
exf5 25.Bxc3 Bc6 26.Bd2 g5 27.Bxg5 Kg7 28.Bf4 Nfd7 29.Rd1 Kf6
30.R1xd7 Bxd7 31.Rxb8 Rxb8 32.Bxb8 Ke6 33.Bf3 Bc8 34.Kf2 1-0

[Event "Najdorf Memorial"]
[Site "Warsaw POL"]
[Date "2015.07.18"]
[Round "9.5"]
[White "Meskovs, Nikita"]
[Black "Zhigalko, Andrey"]
[Result "1/2-1/2"]
[WhiteElo "2457"]
[BlackElo "2574"]
[Annotator ""]
[Source ""]
[Remark ""]

1.d4 Nf6 2.c4 e6 3.Nc3 Bb4 4.e3 O-O 5.Nge2 Re8 6.a3 Bf8 7.g3
d5 8.cxd5 exd5 9.Bg2 a5 10.O-O c6 11.Qc2 g6 12.f3 c5 13.Rd1 cxd4
14.Nxd4 Nc6 15.Qf2 Nxd4 16.exd4 1/2-1/2

[Event "Najdorf Memorial"]
[Site "Warsaw POL"]
[Date "2015.07.18"]
[Round "9.6"]
[White "Markowski, Tomasz"]
[Black "Rozentalis, Eduardas"]
[Result "1/2-1/2"]
[WhiteElo "2566"]
[BlackElo "2530"]
[Annotator ""]
[Source ""]
[Remark ""]

1.d4 Nf6 2.c4 e6 3.Nf3 b6 4.g3 Bb7 5.Bg2 Be7 6.O-O O-O 7.Re1
Ne4 8.Nfd2 d5 9.cxd5 exd5 10.Nxe4 dxe4 11.Nc3 f5 12.Bf4 Nc6 13.Nb5
Bd6 14.Bxd6 cxd6 15.Rc1 d5 16.e3 Kh8 17.Bf1 g5 18.Qh5 Qf6 19.Rc2
f4 20.Rec1 fxe3 21.fxe3 a6 22.Nc3 Rad8 23.Bg2 Qg7 24.Rf1 Rxf1+
25.Bxf1 Qg6 26.Qxg6 hxg6 27.Na4 Rd6 28.Bh3 a5 29.Bf1 Kg8 30.a3
Kf8 31.Bb5 Ne7 32.Rc7 Bc8 33.Kf2 Rf6+ 34.Ke1 Bh3 35.Nc3 Be6 36.Bd7
Bxd7 37.Rxd7 Rf5 38.Nd1 Rf6 39.Nf2 Ke8 40.Rb7 Kd8 41.Ng4 Re6
42.Ne5 Kc8 43.Ra7 Nc6 44.Rg7 Nxe5 45.dxe5 g4 46.Kd2 Rxe5 47.Rxg6
Rh5 48.Rxg4 Rxh2+ 49.Kc3 Kc7 50.Rg6 Re2 51.Kd4 Rxb2 52.Kxd5 Rb3
53.Rg7+ Kd8 54.Kxe4 Rxa3 55.Rb7 Rb3 56.g4 a4 57.g5 Ke8 58.Kf5
Rxe3 59.Rxb6 1/2-1/2

[Event "Najdorf Memorial"]
[Site "Warsaw POL"]
[Date "2015.07.18"]
[Round "9.7"]
[White "Piorun, Kacper"]
[Black "Neiksans, Arturs"]
[Result "1/2-1/2"]
[WhiteElo "2591"]
[BlackElo "2597"]
[Annotator ""]
[Source ""]
[Remark ""]

1.e4 c5 2.Nf3 e6 3.d4 cxd4 4.Nxd4 a6 5.Bd3 Bc5 6.Nb3 Be7 7.Be3
Nf6 8.f4 d6 9.Qf3 Qc7 10.g4 h6 11.h4 h5 12.gxh5 Nc6 13.N1d2 b5
14.O-O-O Bb7 15.Kb1 Nd7 16.Qg3 Bf6 17.h6 gxh6 18.Qf2 O-O-O 19.Nf3
Kb8 20.c3 b4 21.c4 Na5 22.Nxa5 Qxa5 23.Nd2 Nc5 24.Bc2 Qc7 25.Rhg1
Rc8 26.Rdf1 Ka8 27.e5 dxe5 28.Bxc5 Qxc5 29.Qxc5 Rxc5 30.fxe5
Bxh4 31.Rxf7 Rxe5 32.Rxb7 Kxb7 33.Nf3 Rh5 34.Bg6 Rg5 35.Nxg5
hxg5 36.Rf1 Kc6 37.Kc2 Rd8 38.Rf6 Kd6 39.Bh5 Ke5 40.Rf7 Be1 41.Rg7
Kf4 42.Rf7+ Kg3 43.Re7 Kh4 44.Bf7 g4 45.Bxe6 g3 46.Bd5 Bf2 47.Rh7+
Kg5 48.Rg7+ Kf6 49.Rg4 Kf5 50.Rg7 Re8 51.Kb3 Re2 52.a3 bxa3 53.Kxa3
Kf6 54.Rg8 a5 55.b4 axb4+ 56.Kxb4 Re7 57.Kb5 Ke5 58.Kc6 Rh7 59.Re8+
Kd4 60.Rg8 Rh6+ 61.Kd7 Kc3 62.Rg4 Kd2 63.Ke8 Ke1 64.c5 Rh5 65.c6
Re5+ 66.Kd7 Rxd5+ 67.Ke6 Rc5 68.Kd7 Rd5+ 69.Ke6 Rc5 70.Kd7 Rc3
71.c7 Rd3+ 72.Ke6 Rc3 73.Kd7 Rd3+ 74.Ke6 Rc3 75.Kd7 1/2-1/2

[Event "Najdorf Memorial"]
[Site "Warsaw POL"]
[Date "2015.07.18"]
[Round "9.8"]
[White "Efimenko, Zahar"]
[Black "Mickiewicz, Piotr"]
[Result "1-0"]
[WhiteElo "2652"]
[BlackElo "2356"]
[Annotator ""]
[Source ""]
[Remark ""]

1.e4 e5 2.Nf3 Nc6 3.Bc4 Nf6 4.d3 Be7 5.O-O O-O 6.Bb3 d6 7.c3
Na5 8.Bc2 c5 9.Nbd2 b5 10.Re1 Be6 11.h3 h6 12.d4 cxd4 13.cxd4
Qc7 14.Bd3 a6 15.Nf1 Rfc8 16.b3 Bd7 17.Bb2 Nc6 18.Ne3 Qb8 19.Nd5
Bd8 20.Qe2 exd4 21.Nxd4 Ne5 22.Ne3 Ba5 23.Red1 Bc3 24.Ndf5 Bxb2
25.Qxb2 Re8 26.Bc2 Re6 27.Rd2 a5 28.Rad1 Ra6 29.f4 Ng6 30.Nd5
Ne8 31.Nd4 Nf8 32.Nxe6 fxe6 33.Ne3 Qd8 34.Qd4 Qh4 35.e5 Qg3 36.Nf1
Qh4 37.exd6 Rxd6 38.Qf2 Qe7 1-0

[Event "Najdorf Memorial"]
[Site "Warsaw POL"]
[Date "2015.07.18"]
[Round "9.9"]
[White "Klekowski, Maciej"]
[Black "Olszewski, Michal"]
[Result "1-0"]
[WhiteElo "2475"]
[BlackElo "2562"]
[Annotator ""]
[Source ""]
[Remark ""]

1.c4 Nf6 2.g3 g6 3.Bg2 Bg7 4.Nc3 O-O 5.d4 c6 6.e4 d6 7.Nge2 Qa5
8.O-O e5 9.Rb1 exd4 10.Nxd4 Nbd7 11.Nde2 Qc7 12.b3 Re8 13.Bf4
Ne5 14.h3 Nh5 15.Be3 f5 16.exf5 Bxf5 17.Rb2 g5 18.g4 Bxg4 19.hxg4
Nxg4 20.Bxg5 Qa5 21.Bh4 Qe5 22.Ng3 Nxg3 23.Bxg3 Qg5 24.Rc2 h5
25.Ne4 Qg6 26.Qxd6 Re6 27.Qd3 h4 28.Bxh4 Qh5 29.Bg3 Rf8 30.c5
Rh6 31.f4 Bf6 32.Nxf6+ Nxf6 33.f5 Rf7 34.Qf3 Qg5 35.Bf4 Qxf5
36.Bxh6 Qxc2 37.Qf5 1-0

[Event "Najdorf Memorial"]
[Site "Warsaw POL"]
[Date "2015.07.18"]
[Round "9.10"]
[White "Drozdowski, Kacper"]
[Black "Sadzikowski, Daniel"]
[Result "1/2-1/2"]
[WhiteElo "2468"]
[BlackElo "2477"]
[Annotator ""]
[Source ""]
[Remark ""]

1.e4 c6 2.d4 d5 3.Nc3 dxe4 4.Nxe4 Bf5 5.Ng3 Bg6 6.Nh3 e6 7.Nf4
Qh4 8.c3 Nd7 9.Nge2 Be4 10.Ng3 Bg6 11.Nge2 1/2-1/2

[Event "Najdorf Memorial"]
[Site "Warsaw POL"]
[Date "2015.07.18"]
[Round "9.11"]
[White "Durarbayli, Vasif"]
[Black "Sunilduth Lyna, Narayanan"]
[Result "1/2-1/2"]
[WhiteElo "2630"]
[BlackElo "2475"]
[Annotator ""]
[Source ""]
[Remark ""]

1.e4 c6 2.d4 d5 3.e5 Bf5 4.Nf3 e6 5.Be2 Ne7 6.O-O c5 7.c4 Nbc6
8.Na3 a6 9.cxd5 Nxd5 10.Bg5 Qd7 11.Nc4 h6 12.Bh4 b5 13.Ne3 Nxe3
14.fxe3 cxd4 15.Nxd4 Nxd4 16.Qxd4 Qxd4 17.exd4 Be7 18.Bxe7 Kxe7
19.d5 f6 20.exf6+ gxf6 21.Rae1 Rad8 22.Bxb5 axb5 23.Rxf5 e5 24.Rd1
Rd6 25.Rh5 Rhd8 26.Rxh6 Rxd5 27.Rf1 R8d6 28.h4 Rd2 29.h5 Rxb2
30.Rh7+ Ke6 31.Ra7 Rbd2 32.h6 Rd1 33.Rxd1 Rxd1+ 34.Kh2 Rd4 35.Kg3
Rd1 36.h7 Rh1 37.a3 f5 38.Rb7 Kf6 39.Kf2 e4 40.Ke3 Kg6 41.Rxb5
Rxh7 42.a4 Rh1 43.a5 Re1+ 44.Kd4 Ra1 45.g4 1/2-1/2